| 000 | 00570nam a2200133Ia 4500 | ||
|---|---|---|---|
| 008 | 160809s9999 xx 000 0 und d | ||
| 100 | _aGizelis, Demetrios James. | ||
| 245 | _aInvestor Sentiment and Stock Returns: Evidence from the Athens Stock Exchange | ||
| 245 | _cDemetrios James Gizelis and Shah Saeed Hassan Chowdhury. | ||
| 260 | _bInternational Research Journal of Applied Finance | ||
| 260 | _cJuly 2016 | ||
| 650 | _xFINANCE | ||
| 856 | _uhttps://nebula.wsimg.com/61fec9339fb30d61b70a4fbafcc7e6f3?AccessKeyId=A83663472B839ECDD54B&disposition=0&alloworigin=1 | ||
| 999 |
_c300006 _d300006 |
||